| 000 | 01602nam0a2200361 i 4500 | ||
|---|---|---|---|
| 001 | RU\NLR\BIBL_A\010678060 | ||
| 005 | 20241114181817.0 | ||
| 010 |
_a9785917411194 _930 |
||
| 021 |
_aRU _b2014-98060 _95951 |
||
| 035 | _a(NILC)RuMoRGB-007844146 | ||
| 035 | _a(NLR Aleph) 010678060 | ||
| 090 |
_a9634701 _c9634701 |
||
| 100 | _a20150220d2014 km y0rusy50 ca | ||
| 101 | 0 |
_arus _deng |
|
| 102 | _aRU | ||
| 105 | _aa z 000yy | ||
| 200 | 1 |
_aМоделирование упругих свойств композитов на основе карбида кремния и алмаза _fГольдштейн Р.В., Гордеев С.К., Ермолаев В.А. [и др.] |
|
| 210 |
_aМосква _cИн-т проблем механики РАН _d2014 |
||
| 215 |
_a10 с. _cил., табл. _d21 |
||
| 225 | 1 |
_aПрепринт _fФедер. гос. бюджет. учреждение науки Ин-т проблем механики им. А. Ю. Ишлинского РАН _v№ 1079 |
|
| 300 | _aРез. англ. | ||
| 320 | _aБиблиогр.: с. 9-10 (14 назв.) | ||
| 606 |
_aКомпозиционные материалы _xУпругость _92158895 _3RU\NLR\AUTH\661604133 |
||
| 686 | 1 | _aЖ306.21 | |
| 701 | 1 |
_aГольдштейн _bР. В. _gРоберт Вениаминович |
|
| 701 | 1 |
_aГордеев _bС.К. _gСергей Константинович |
|
| 701 | 1 |
_aЕрмолаев _bВ.А. |
|
| 801 | 0 |
_aRU _bРГБ _c20141225 _gRCR |
|
| 801 | 1 |
_aRU _bРГБ _c20141225 _2rusmarc |
|
| 942 | _cBOOK | ||
| 980 | _aNBR | ||